College keyboarding & document processing for windows: lessons 1-60. / (Record no. 2262)

MARC details
000 -LEADER
fixed length control field 00955nam a22001817a 4500
008 - FIXED-LENGTH DATA ELEMENTS--GENERAL INFORMATION
fixed length control field 120831t xxu||||| |||| 00| 0 eng d
020 ## - INTERNATIONAL STANDARD BOOK NUMBER
International Standard Book Number 002803161
050 ## - LIBRARY OF CONGRESS CALL NUMBER
Classification number QA76.9.K48 C645
100 ## - MAIN ENTRY--PERSONAL NAME
Personal name Ober, Scot.
245 ## - TITLE STATEMENT
Title College keyboarding & document processing for windows: lessons 1-60. /
Statement of responsibility, etc. Scot, Ober
250 ## - EDITION STATEMENT
Edition statement 8th ed.
260 ## - PUBLICATION, DISTRIBUTION, ETC.
Place of publication, distribution, etc. New York:
Name of publisher, distributor, etc. McGraw-Hill,
Date of publication, distribution, etc. 1997.
300 ## - PHYSICAL DESCRIPTION
Extent vii, 151 p:
Dimensions 25cm.
505 ## - FORMATTED CONTENTS NOTE
Formatted contents note Contents: The Alphabet, number, and symbol keys: Keyboarding-the alphabet -- Keyboarding-the alphabet -- Letters, memos, tables, and reports: Word processing and reports -- Correspondence -- Tables -- Keyboarding-the numbers -- Keyboarding-the symbols -- Document processing -- Reports -- Correspondence, reports, and employment documents: Correspondence -- Reports -- Employment documents -- In-basket review -- Skillbuilding -- Document processing.
700 ## - ADDED ENTRY--PERSONAL NAME
Personal name Hanson, Robert N.
700 ## - ADDED ENTRY--PERSONAL NAME
Personal name Johnson, Jack E.
942 ## - ADDED ENTRY ELEMENTS (KOHA)
Source of classification or shelving scheme Library of Congress Classification
Koha item type Books
Holdings
Withdrawn status Lost status Source of classification or shelving scheme Damaged status Not for loan Home library Current library Shelving location Date acquired Total Checkouts Full call number Barcode Date last seen Copy number Price effective from Koha item type
    Library of Congress Classification     WISCONSIN INTERNATIONAL UNIVERSITY COLLEGE, GHANA - MAIN LIBRARY WISCONSIN INTERNATIONAL UNIVERSITY COLLEGE, GHANA - MAIN LIBRARY General Stacks 31/08/2012   QA76.9.K48 C645 5116/12 31/08/2012 1 31/08/2012 Books

If you have any concerns or questions; kindly contact the library


© Powered by WIUC ICT DIRECTORATE